Para vos, para mí : libro de lectura para segundo grado /

Guardado en:
Autor Principal: Galán, Susana
Otros Autores: Heredia, Mariano, Mayán, Mabel
Formato: Libro
Publicado: Buenos Aires : Kapelusz, 1988
Materias:
Etiquetas: Agregar Etiqueta
Sin Etiquetas, Sea el primero en etiquetar este registro!
LEADER 00688nam a22002175a 4500
001 CEM.cems012513
005 20070420182744.0
008 130507s1988##################000#0#####d
003 CEMS
082 0 4 |a 372.41 
100 1 |a Galán, Susana 
245 1 0 |a Para vos, para mí :  |b libro de lectura para segundo grado /  |c Susana Galán ; mariano Heredia ; mabel Mayán 
260 |a Buenos Aires :  |b Kapelusz,  |c 1988 
300 |a 121 p. 
653 |a Biblioteca maría de los angeles saggio 
653 |a Educación primaria 
653 |a Lecturas 
653 |a Lengua-1º egb 
700 1 |a Heredia, Mariano 
700 1 |a Mayán, Mabel 
859 |a CEMS  |b BIB. CEMS - 11 de abril  |h 372.41  |i G131  |p 23707.07  |t Ej.1